| 000 | 00495nam a2200181Ia 4500 | ||
|---|---|---|---|
| 003 | GCL | ||
| 008 | 140319s9999 xx 000 0 ara d | ||
| 040 |
_aGCL / _cGCL |
||
| 082 | 0 | 4 |
_a615.8 _bم ع |
| 100 | 1 | _aمحمد عادل رشدى | |
| 245 | 1 | 0 |
_aعلم اصابات الرياضيين / _cمحمد عادل رشدى |
| 300 | _a327 ص | ||
| 490 |
_aكتاب _v0 |
||
| 650 | 0 | 4 | _aاصابات الملاعب |
| 650 | 0 | 4 | _aالرياضيون |
| 650 | 0 | 4 | _aالملاعب |
| 942 |
_2ddc _cBK |
||
| 999 |
_c41662 _d41662 |
||